Najgorsze państwa według jakości życia - Statystyki

Ogólne statystyki
  • Ten quiz został rozwiązany 534 razy
  • Średni wynik to 6 z 20
Statystyki odpowiedzi
Wynik Państwo % Poprawnych
5,31 Rosja
69%
5,67 Indie
62%
5,29 Syria
55%
4,74 Nigeria
50%
4,98 Ukraina
50%
5,17 Pakistan
48%
5,07 Bangladesz
40%
4,91 Kenia
36%
5,54 Indonezja
30%
5,64 Wietnam
28%
5,20 Kazachstan
27%
5,09 Angola
25%
5,71 Filipiny
24%
5,67 Maroko
18%
5,71 Sri Lanka
18%
5,63 Jordania
16%
5,72 Salwador
13%
5,60 Azerbejdżan
12%
5,70 Ekwador
9%
5,73 Bułgaria
8%
Nie znaleziono quizów pasujących do podanych kryteriów
Rozkład punktacji
Procent ludzi z każdym wynikiem
Percentyl według liczby udzielonych odpowiedzi
Twoja historia wyników
Nie rozwiązałeś tego quizu